Datum a čas kvízu

35 Celkem bodů Celkový počet nahraných bodů na tomto kvízu bez doplňovacích otázek.
3. Pořadí na kvízu Konečné umístění týmu na tomto kvízu.

Zaznamenané odpovědi

# Otázka Odpověď Body Výsledky
1. Průměrná mzda v České republic... 1C 2B 3A 4D 1
2. Dvanáctiletý londýnský kocour... lehl si pod prezidentskou limuzínu 0
3. Minulý týden se vrátil do kin... Hana Brejchová 0
4. Americký fond General Atlantic... Kiwi.com 0
5. Jak se jmenují dvě finalistky... Ashleigh Bartyová, Markéta Vondroušová 1
6. Na každé písmeno abecedy exist... geologie 1
5. Jak se nazývá nauka o vztahu k... gastronomie 1
8. Uveďte název nauky o tvaru Zem... geomorfologie 1
5. Tentokrát nás bude zajímat náz... genealogie 1
5. Nyní se zeptáme na název oboru... genologie 0